C# programming bible (Record no. 1540)

MARC details
000 -LEADER
fixed length control field 00373nam a2200157Ia 4500
008 - FIXED-LENGTH DATA ELEMENTS--GENERAL INFORMATION
fixed length control field 130318s9999 xx 000 0 und d
020 ## - INTERNATIONAL STANDARD BOOK NUMBER
International Standard Book Number 8126503033
082 ## - DEWEY DECIMAL CLASSIFICATION NUMBER
Classification number 005.133C# FER/C
100 ## - MAIN ENTRY--PERSONAL NAME
Personal name Ferguson, Jeff
245 ## - TITLE STATEMENT
Title C# programming bible
260 ## - PUBLICATION, DISTRIBUTION, ETC.
Name of publisher, distributor, etc. Wiley
Place of publication, distribution, etc. New Delhi
Date of publication, distribution, etc. 2005
300 ## - PHYSICAL DESCRIPTION
Extent 798
650 ## - SUBJECT ADDED ENTRY--TOPICAL TERM
Topical term or geographic name entry element C#
700 ## - ADDED ENTRY--PERSONAL NAME
Personal name Beres, Jason
700 ## - ADDED ENTRY--PERSONAL NAME
Personal name Patterson, Brian
Holdings
Withdrawn status Lost status Damaged status Not for loan Home library Current library Shelving location Date acquired Total Checkouts Full call number Barcode Date last seen Date last checked out Price effective from Koha item type
        Kerala University of Digital Sciences, Innovation and Technology Knowledge Centre Kerala University of Digital Sciences, Innovation and Technology Knowledge Centre Computer Science 18/03/2013 1 005.133C# FER/C 1547 23/02/2017 06/09/2016 18/03/2013 Books